000 00500nam a2200217Ia 4500
003 OSt
005 20220924134535.0
006 a|||||r|||| 00| 0
007 ta
008 220923b |||||||| |||| 00| 0 snd d
024 _a276281
037 _cTextual
040 _aARTS
_cARTS
_bsnd
041 _2snd
_asnd
082 _a/\, 1593K0
100 _aMotwani
245 0 _aVedanti Gulkar
260 _c1960
942 _h/\, 1593K0
_cTEXL
_2CC
999 _c437716
_d437716